[Event "Gallipoli Salento op 9th"]
[Site "Gallipoli"]
[Date "2020.09.25"]
[Round "8"]
[White "Bellafiore, Enzo"]
[Black "Ruscitti, Simone"]
[Result "1-0"]
[WhiteElo "1670"]
[BlackElo "1572"]
[PlyCount "85"]
[EventDate "2020.09.19"]
[EventType "swiss"]
[EventRounds "9"]
[EventCountry "ITA"]
[SourceTitle "CBM 198 Extra"]
[Source "ChessBase"]
[SourceDate "2020.11.30"]
[SourceVersion "1"]
[SourceVersionDate "2020.11.30"]
[SourceQuality "1"]

1. c4 e5 2. Nc3 Nf6 3. Nf3 Nc6 4. e3 d5 5. cxd5 Nxd5 6. d4 exd4 7. Nxd5 Qxd5 8. exd4 Bb4+ 9. Bd2 0-0 10. Be2 Bf5 11. 0-0 Rad8 12. Be3 Rfe8 13. a3 Be7 14. Rc1 b5 15. Re1 Na5 16. Rxc7 Nc4 17. Bxc4 bxc4 18. Rxa7 Bd6 19. Qd2 Be4 20. Ra5 Qb7 21. d5 f6 22. Ra7 Qb8 23. Ra4 Bxd5 24. Qxd5+ Kh8 25. Qxc4 Qxb2 26. Qc1 Qb3 27. Qc4 Qb2 28. Qc1 Qb3 29. Ra7 Qd5 30. Ra4 Qb3 31. Ra6 Re4 32. Nd2 Bxh2+ 33. Kxh2 Rh4+ 34. Kg1 Qb5 35. Nf3 Rc4 36. Rb6 Qd5 37. Qb1 h5 38. Rb5 Qf7 39. Rb8 Rxb8 40. Qxb8+ Kh7 41. Rd1 Re4 42. Qb1 Qg6 43. Nd2 1-0

[Event "Gallipoli Salento op 9th"]
[Site "Gallipoli"]
[Date "2020.09.24"]
[Round "7"]
[White "Castaldo, Antonio"]
[Black "Bellafiore, Enzo"]
[Result "0-1"]
[WhiteElo "1490"]
[BlackElo "1670"]
[PlyCount "48"]
[EventDate "2020.09.19"]
[EventType "swiss"]
[EventRounds "9"]
[EventCountry "ITA"]
[SourceTitle "CBM 198 Extra"]
[Source "ChessBase"]
[SourceDate "2020.11.30"]
[SourceVersion "1"]
[SourceVersionDate "2020.11.30"]
[SourceQuality "1"]

1. e4 d5 2. exd5 Qxd5 3. Nc3 Qd6 4. Nf3 Bg4 5. Be2 Nf6 6. 0-0 Nc6 7. d3 a6 8. Be3 e6 9. Qc1 Be7 10. h3 Bh5 11. Rd1 h6 12. Bf4 e5 13. Be3 0-0-0 14. Rd2 Nd4 15. Bxd4 exd4 16. Ne4 Nxe4 17. dxe4 Bxf3 18. Bxf3 Bg5 19. c4 Qb4 20. b3 Qxd2 21. Qa3 Qc3 22. Rd1 Rhe8 23. Qc5 Kb8 24. e5 Be7 0-1

[Event "Gallipoli Salento op 9th"]
[Site "Gallipoli"]
[Date "2020.09.22"]
[Round "4"]
[White "Pelyushenko, Vladyslav"]
[Black "Bellafiore, Enzo"]
[Result "1/2-1/2"]
[WhiteElo "1761"]
[BlackElo "1670"]
[PlyCount "49"]
[EventDate "2020.09.19"]
[EventType "swiss"]
[EventRounds "9"]
[EventCountry "ITA"]
[SourceTitle "CBM 198 Extra"]
[Source "ChessBase"]
[SourceDate "2020.11.30"]
[SourceVersion "1"]
[SourceVersionDate "2020.11.30"]
[SourceQuality "1"]

1. d4 d5 2. Nf3 Bf5 3. c4 e6 4. Nc3 Nf6 5. Qb3 b6 6. Bf4 Bd6 7. Bg3 0-0 8. e3 c6 9. Be2 Re8 10. Ne5 Bxe5 11. Bxe5 Nbd7 12. cxd5 exd5 13. Bg3 Ne4 14. Nxe4 Bxe4 15. 0-0 c5 16. Ba6 cxd4 17. exd4 Qf6 18. Qb4 Qg6 19. Rfe1 h5 20. f3 Bxf3 21. gxf3 h4 22. Kf2 hxg3+ 23. hxg3 Qc2+ 24. Kf1 Qh2 25. g4 1/2-1/2

[Event "Gallipoli Salento op 9th"]
[Site "Gallipoli"]
[Date "2020.09.21"]
[Round "3"]
[White "Bellafiore, Enzo"]
[Black "Cottone, Salvatore"]
[Result "1-0"]
[WhiteElo "1670"]
[BlackElo "1587"]
[PlyCount "83"]
[EventDate "2020.09.19"]
[EventType "swiss"]
[EventRounds "9"]
[EventCountry "ITA"]
[SourceTitle "CBM 198 Extra"]
[Source "ChessBase"]
[SourceDate "2020.11.30"]
[SourceVersion "1"]
[SourceVersionDate "2020.11.30"]
[SourceQuality "1"]

1. c4 e5 2. Nc3 Bb4 3. e4 Bxc3 4. bxc3 Nf6 5. d3 d6 6. Bg5 Nbd7 7. Nf3 c6 8. Be2 0-0 9. Qc2 Re8 10. 0-0 h6 11. Bh4 Nc5 12. Nd2 Ne6 13. Rfd1 Nf4 14. Bf1 g5 15. Bg3 N6h5 16. d4 Nxg3 17. hxg3 Ng6 18. Be2 g4 19. Nf1 Qf6 20. Ne3 h5 21. Nf5 Bxf5 22. exf5 Ne7 23. dxe5 Qxf5 24. Bd3 Qxe5 25. Re1 Qf6 26. Re2 Kf8 27. Rae1 Ng8 28. Re4 Rxe4 29. Rxe4 Re8 30. Rf4 Re1+ 31. Kh2 Qe7 32. Bg6 Nf6 33. Bxh5 Nxh5 34. Qh7 Nf6 35. Qh8+ Ng8 36. Rxg4 Qf6 37. Rxg8+ Ke7 38. Re8+ Kd7 39. Qxf6 Rxe8 40. Qxf7+ Re7 41. Qf5+ Kc7 42. Qa5+ 1-0

[Event "Gallipoli Salento op 9th"]
[Site "Gallipoli"]
[Date "2020.09.19"]
[Round "1"]
[White "Bellafiore, Enzo"]
[Black "Paiano, Giorgio"]
[Result "1-0"]
[WhiteElo "1670"]
[BlackElo "1440"]
[PlyCount "111"]
[EventDate "2020.09.19"]
[EventType "swiss"]
[EventRounds "9"]
[EventCountry "ITA"]
[SourceTitle "CBM 198 Extra"]
[Source "ChessBase"]
[SourceDate "2020.11.30"]
[SourceVersion "1"]
[SourceVersionDate "2020.11.30"]
[SourceQuality "1"]

1. c4 e5 2. Nc3 Nf6 3. Nf3 c6 4. Nxe5 d6 5. Nf3 Bg4 6. e4 Nbd7 7. d4 Be7 8. Be2 0-0 9. 0-0 h6 10. Bf4 Re8 11. Re1 Nh5 12. Be3 a6 13. h3 Bxf3 14. Bxf3 Nhf6 15. Rb1 b5 16. cxb5 axb5 17. a3 Nb6 18. d5 cxd5 19. exd5 b4 20. axb4 Nc4 21. Bf4 Qb6 22. b5 Rac8 23. Be3 Nxe3 24. Rxe3 Nd7 25. Bg4 Qb7 26. Qe2 Kf8 27. Re1 Rxc3 28. bxc3 Nf6 29. c4 Ng8 30. Qf3 Nf6 31. Bf5 Qc7 32. Bd3 Qd8 33. g4 Nd7 34. Qe2 g5 35. Qb2 Ne5 36. Rxe5 dxe5 37. Qxe5 f6 38. Qe6 Bc5 39. Qxe8+ Qxe8 40. Rxe8+ Kxe8 41. Bf5 Ke7 42. Kg2 Kd6 43. f4 Kc7 44. fxg5 fxg5 45. Kf3 Bd6 46. Ke4 Kb6 47. Kd4 Bf4 48. Bd3 Bd6 49. Ke4 Kc5 50. Kf5 Bf8 51. Kg6 Kb6 52. Kf7 Bd6 53. Ke6 Kc5 54. b6 Bf4 55. b7 Bd6 56. Kd7 1-0

[Event "Ivrea Autumn Cup 24th"]
[Site "Ivrea"]
[Date "2013.12.05"]
[Round "9"]
[White "Bellafiore, Enzo"]
[Black "Gennaro, Isabella"]
[Result "1/2-1/2"]
[WhiteElo "1767"]
[BlackElo "1734"]
[PlyCount "72"]
[EventDate "2013.10.10"]
[EventType "swiss"]
[EventRounds "9"]
[EventCountry "ITA"]
[SourceTitle "EXT 2017"]
[Source "ChessBase"]
[SourceDate "2016.10.25"]
[SourceVersion "1"]
[SourceVersionDate "2016.10.25"]
[SourceQuality "1"]

1. e4 c5 2. Nc3 Nc6 3. f4 e6 4. Nf3 d5 5. Bb5 a6 6. Bxc6+ bxc6 7. d3 Ne7 8. 0-0 g6 9. Qe1 Bg7 10. e5 Nf5 11. Qf2 Qe7 12. b3 Qa7 13. Ba3 Bf8 14. g4 Ng7 15. d4 h5 16. g5 cxd4 17. Bxf8 Nf5 18. Ne2 Kxf8 19. Nexd4 Nxd4 20. Nxd4 Bd7 21. h4 c5 22. Ne2 Ke7 23. Nc3 Rhc8 24. Kh2 c4 25. Qxa7 Rxa7 26. b4 Bc6 27. Ne2 Bb5 28. c3 a5 29. Nd4 Bd7 30. b5 a4 31. Rfb1 Ra5 32. Rb4 Rb8 33. Rab1 Rb6 34. a3 Kd8 35. Kg3 Ke7 36. Kf3 Kd8 1/2-1/2

[Event "Ivrea Autumn Cup 24th"]
[Site "Ivrea"]
[Date "2013.11.09"]
[Round "6"]
[White "Paonessa, Denis"]
[Black "Bellafiore, Enzo"]
[Result "1/2-1/2"]
[WhiteElo "1841"]
[BlackElo "1767"]
[PlyCount "70"]
[EventDate "2013.10.10"]
[EventType "swiss"]
[EventRounds "9"]
[EventCountry "ITA"]
[SourceTitle "EXT 2017"]
[Source "ChessBase"]
[SourceDate "2016.10.25"]
[SourceVersion "1"]
[SourceVersionDate "2016.10.25"]
[SourceQuality "1"]

1. d4 d5 2. c4 e6 3. Nc3 Nf6 4. Bg5 c6 5. e3 Be7 6. Nf3 Nbd7 7. Rc1 0-0 8. Bd3 dxc4 9. Bxc4 Nb6 10. Bd3 Nbd5 11. 0-0 h6 12. Bh4 Nxc3 13. bxc3 Bd7 14. e4 Rc8 15. c4 Kh8 16. e5 Ng8 17. Bg3 Ba3 18. Rc3 Be7 19. Bb1 f5 20. exf6 Nxf6 21. Ne5 Be8 22. Rf3 Kg8 23. Qd3 Rf7 24. Nxf7 Bxf7 25. Be5 c5 26. Bxf6 Bxf6 27. Qh7+ Kf8 28. dxc5 Rxc5 29. Rd3 Qe8 30. Rfd1 Rxc4 31. Qh8+ Ke7 32. Qxe8+ Bxe8 33. Rb3 Rc7 34. Re1 Bc6 35. Rbe3 Bd5 1/2-1/2

[Event "Ivrea Eporediese op 30th"]
[Site "Ivrea"]
[Date "2013.01.31"]
[Round "2"]
[White "Bellafiore, Enzo"]
[Black "Bozza, Alberto"]
[Result "1-0"]
[WhiteElo "1771"]
[BlackElo "1538"]
[PlyCount "105"]
[EventDate "2013.01.19"]
[EventType "swiss"]
[EventRounds "9"]
[EventCountry "ITA"]
[SourceTitle "EXT 2014"]
[Source "ChessBase"]
[SourceDate "2013.11.20"]
[SourceVersion "1"]
[SourceVersionDate "2013.11.20"]
[SourceQuality "1"]

1. d4 Nf6 2. Bf4 g6 3. e3 Bg7 4. Nf3 0-0 5. Nbd2 d5 6. Be2 c5 7. c3 Nc6 8. 0-0 a6 9. a4 c4 10. b3 cxb3 11. Qxb3 Na5 12. Qb4 Nc6 13. Qc5 Re8 14. h3 e5 15. Nxe5 Nxe5 16. Bxe5 Nd7 17. Qd6 Bf8 18. Qc7 Nxe5 19. Qxd8 Rxd8 20. dxe5 Re8 21. Nf3 Bg7 22. Rfd1 Bxe5 23. Nxe5 Rxe5 24. Rd4 Be6 25. Rb1 Rb8 26. Bxa6 Bc8 27. Rdb4 Re7 28. Rd1 Ra8 29. Bb5 Be6 30. Rdd4 Rc8 31. c4 dxc4 32. Bxc4 Bxc4 33. Rdxc4 Ra8 34. Rb6 Ra6 35. Rcb4 Rxb6 36. Rxb6 Rd7 37. g4 Kf8 38. Kg2 Ke8 39. a5 Ke7 40. a6 bxa6 41. Rxa6 Rd6 42. Ra7+ Rd7 43. Ra8 Rd8 44. Rxd8 Kxd8 45. g5 Ke7 46. f4 Ke6 47. e4 f6 48. h4 fxg5 49. hxg5 Kf7 50. Kf3 Ke6 51. Ke3 Kf7 52. Kd4 Ke6 53. Kc5 1-0

[Event "Ivrea Autumn Cup 23rd"]
[Site "Ivrea"]
[Date "2012.10.04"]
[Round "2"]
[White "Bellafiore, Enzo"]
[Black "Chiarotto, Filippo"]
[Result "0-1"]
[WhiteElo "1768"]
[BlackElo "2078"]
[PlyCount "80"]
[EventDate "2012.09.22"]
[EventType "swiss"]
[EventRounds "9"]
[EventCountry "ITA"]
[SourceTitle "EXT 2014"]
[Source "ChessBase"]
[SourceDate "2013.11.20"]
[SourceVersion "1"]
[SourceVersionDate "2013.11.20"]
[SourceQuality "1"]

1. c4 Nf6 2. Nc3 e6 3. e4 Nc6 4. Nf3 Bb4 5. d3 e5 6. g3 d6 7. Bg2 0-0 8. 0-0 a6 9. Bg5 h6 10. Bxf6 Qxf6 11. Nd5 Qd8 12. Nxb4 Nxb4 13. a3 Nc6 14. b4 Bg4 15. Qd2 f5 16. exf5 Bxf3 17. Bxf3 Nd4 18. Qd1 c6 19. Bg2 Rxf5 20. Be4 Rf8 21. Rb1 Qg5 22. h4 Qf6 23. f4 exf4 24. Rxf4 Qe5 25. Rxf8+ Rxf8 26. Qg4 h5 27. Qg6 Rf6 28. Qh7+ Kf7 29. Kg2 Ne2 30. Bg6+ Rxg6 31. Rf1+ Rf6 32. Rxf6+ Kxf6 33. Kf2 Nxg3 34. Qg8 Nf5 35. a4 Qe3+ 36. Kf1 Qxd3+ 37. Ke1 Qg3+ 38. Kd1 Qxh4 39. Qd8+ Ke5 40. Qxh4 Nxh4 0-1

[Event "Ivrea Eporediese op 29th"]
[Site "Ivrea"]
[Date "2012.03.01"]
[Round "6"]
[White "Bellafiore, Enzo"]
[Black "Razzano, Lorenzo"]
[Result "0-1"]
[WhiteElo "1798"]
[BlackElo "1962"]
[PlyCount "60"]
[EventDate "2012.01.26"]
[EventType "swiss"]
[EventRounds "9"]
[EventCountry "ITA"]
[SourceTitle "EXT 2014"]
[Source "ChessBase"]
[SourceDate "2013.11.20"]
[SourceVersion "1"]
[SourceVersionDate "2013.11.20"]
[SourceQuality "1"]

1. d4 g6 2. Bf4 Bg7 3. e3 d6 4. Nf3 c6 5. Be2 Qb6 6. Qc1 f5 7. Nbd2 Nf6 8. Nc4 Qc7 9. c3 0-0 10. Ncd2 h6 11. h3 Nbd7 12. Qc2 e5 13. dxe5 dxe5 14. Bh2 Nd5 15. Bc4 b5 16. Bb3 Kh7 17. Nd4 Qd6 18. e4 Nf4 19. Bxf4 exf4 20. Nxc6 Bb7 21. Nd4 Bxd4 22. cxd4 fxe4 23. Rd1 e3 24. Nf3 Bxf3 25. gxf3 Rae8 26. Rg1 Qf6 27. Qd3 exf2+ 28. Kxf2 Re3 29. Qxb5 Qh4+ 30. Kf1 Rxf3+ 0-1

[Event "Ivrea Eporediese op 29th"]
[Site "Ivrea"]
[Date "2012.02.23"]
[Round "5"]
[White "Bellafiore, Enzo"]
[Black "Bosticardo, Tommaso"]
[Result "0-1"]
[WhiteElo "1798"]
[BlackElo "1774"]
[PlyCount "60"]
[EventDate "2012.01.26"]
[EventType "swiss"]
[EventRounds "9"]
[EventCountry "ITA"]
[SourceTitle "EXT 2014"]
[Source "ChessBase"]
[SourceDate "2013.11.20"]
[SourceVersion "1"]
[SourceVersionDate "2013.11.20"]
[SourceQuality "1"]

1. d4 d5 2. Bf4 Nf6 3. e3 c5 4. c3 Nc6 5. Nf3 Qb6 6. Qb3 c4 7. Qxb6 axb6 8. Na3 Ra5 9. Be2 e6 10. Nc2 b5 11. Bc7 Ra4 12. b3 Ra6 13. Nd2 Be7 14. bxc4 bxc4 15. 0-0 0-0 16. e4 Bd7 17. Rfb1 Rfa8 18. Rb2 Bc8 19. Bf4 Nd7 20. exd5 exd5 21. Bf3 Nb6 22. Ne3 Be6 23. Bc7 Na4 24. Rc2 Rc8 25. Bf4 Rd8 26. Rb1 Rd7 27. Rb5 Na7 28. Rb1 Ra5 29. Nd1 Bf5 30. Be4 Bxe4 0-1

[Event "Ivrea Eporediese op 29th"]
[Site "Ivrea"]
[Date "2012.02.11"]
[Round "4"]
[White "Chiarotto, Filippo"]
[Black "Bellafiore, Enzo"]
[Result "1-0"]
[WhiteElo "2082"]
[BlackElo "1798"]
[PlyCount "65"]
[EventDate "2012.01.26"]
[EventType "swiss"]
[EventRounds "9"]
[EventCountry "ITA"]
[SourceTitle "EXT 2014"]
[Source "ChessBase"]
[SourceDate "2013.11.20"]
[SourceVersion "1"]
[SourceVersionDate "2013.11.20"]
[SourceQuality "1"]

1. e4 e6 2. d4 d5 3. Nc3 dxe4 4. Nxe4 Bd7 5. Nf3 Bc6 6. Bd3 Nd7 7. 0-0 Ngf6 8. Ng3 Be7 9. Bd2 Bxf3 10. Qxf3 c6 11. Rfe1 0-0 12. c4 Re8 13. Rad1 Qb6 14. Bc1 Rad8 15. a3 a5 16. h4 Kh8 17. c5 Qb3 18. Qe2 b5 19. Ne4 Qd5 20. Ng5 Kg8 21. g3 h6 22. Ne4 Bf8 23. Bf4 a4 24. g4 h5 25. Nxf6+ Nxf6 26. g5 Ng4 27. Be4 Qd7 28. f3 e5 29. dxe5 Bxc5+ 30. Kg2 Qe6 31. fxg4 hxg4 32. Qc2 Ba7 33. Bf5 1-0

[Event "Ivrea Eporediese op 29th"]
[Site "Ivrea"]
[Date "2012.02.04"]
[Round "2"]
[White "Pane, Gabriele"]
[Black "Bellafiore, Enzo"]
[Result "0-1"]
[WhiteElo "1538"]
[BlackElo "1798"]
[PlyCount "52"]
[EventDate "2012.01.26"]
[EventType "swiss"]
[EventRounds "9"]
[EventCountry "ITA"]
[SourceTitle "EXT 2014"]
[Source "ChessBase"]
[SourceDate "2013.11.20"]
[SourceVersion "1"]
[SourceVersionDate "2013.11.20"]
[SourceQuality "1"]

1. d4 d5 2. c4 e6 3. Nc3 a6 4. cxd5 exd5 5. Nf3 Nf6 6. Bg5 Be7 7. e3 c6 8. Qc2 Nbd7 9. Bd3 h6 10. Bh4 0-0 11. 0-0-0 Re8 12. Rhe1 Nf8 13. h3 Be6 14. Ne5 Rc8 15. f4 c5 16. f5 Bd7 17. Nxd7 Qxd7 18. Bxf6 Bxf6 19. dxc5 Rxc5 20. Kb1 Qc7 21. Rc1 Qg3 22. Qd2 Bg5 23. Ne2 Rxc1+ 24. Qxc1 Qxe3 25. Qxe3 Rxe3 26. Bc2 d4 0-1

[Event "Ivrea Autumn 22th"]
[Site "Ivrea"]
[Date "2011.11.03"]
[Round "6"]
[White "Bellafiore, Enzo"]
[Black "Ranieri, Fabrizio"]
[Result "0-1"]
[WhiteElo "1782"]
[BlackElo "2299"]
[PlyCount "104"]
[EventDate "2011.09.??"]
[EventType "swiss"]
[EventRounds "8"]
[EventCountry "ITA"]
[SourceTitle "EXT 2024"]
[Source "ChessBase"]
[SourceDate "2023.10.10"]
[SourceVersion "1"]
[SourceVersionDate "2023.10.10"]
[SourceQuality "1"]

1. d4 d5 2. Bf4 Bf5 3. e3 e6 4. Nf3 Nf6 5. Nbd2 c5 6. c3 Nc6 7. Be2 Be7 8. h3 0-0 9. 0-0 h6 10. Re1 c4 11. Ne5 Nxe5 12. dxe5 Nd7 13. Nf3 Nc5 14. Nd4 Bg6 15. b3 cxb3 16. axb3 Ne4 17. Qc1 Qc8 18. Nb5 a6 19. f3 axb5 20. fxe4 Bxe4 21. Bxb5 Qc5 22. Bf1 Rac8 23. c4 Bh4 24. Rd1 Qb6 25. Qc3 Be7 26. Bd3 Bxd3 27. Qxd3 dxc4 28. bxc4 Rc7 29. Rab1 Qa6 30. Qb3 Rfc8 31. Ra1 Qxc4 32. Rab1 Qxb3 33. Rxb3 Rc1 34. Rxc1 Rxc1+ 35. Kf2 Rc7 36. e4 Bc5+ 37. Be3 Bxe3+ 38. Kxe3 Kf8 39. Kd4 Ke7 40. Rg3 g6 41. Rf3 h5 42. g4 hxg4 43. hxg4 Kd8 44. g5 Ke8 45. Rb3 Kd7 46. Rb6 Kc8 47. Rb5 Rc1 48. Rb3 Rc7 49. Rb4 Rc6 50. Rb3 b6 51. Rf3 Rc7 52. Rb3 Kb7 0-1

[Event "Ivrea Autumn 22th"]
[Site "Ivrea"]
[Date "2011.10.20"]
[Round "4"]
[White "Bellafiore, Enzo"]
[Black "Bosticardo, Tommaso"]
[Result "1-0"]
[WhiteElo "1782"]
[BlackElo "1708"]
[PlyCount "59"]
[EventDate "2011.09.??"]
[EventType "swiss"]
[EventRounds "8"]
[EventCountry "ITA"]
[SourceTitle "EXT 2024"]
[Source "ChessBase"]
[SourceDate "2023.10.10"]
[SourceVersion "1"]
[SourceVersionDate "2023.10.10"]
[SourceQuality "1"]

1. d4 d5 2. Bf4 Nf6 3. e3 c5 4. c3 Nc6 5. Nf3 Qb6 6. Qb3 c4 7. Qxb6 axb6 8. Na3 Ra5 9. Bc7 Nd7 10. Be2 e6 11. Nc2 Be7 12. Nd2 Ra7 13. e4 b5 14. exd5 exd5 15. Ne3 Nf6 16. Be5 Be6 17. Bf3 0-0 18. Bxf6 Bxf6 19. Bxd5 Bxd5 20. Nxd5 Re8+ 21. Kd1 Bd8 22. Re1 Rxe1+ 23. Kxe1 b6 24. Ne4 Rd7 25. Ne3 Bc7 26. h3 Re7 27. f3 Re8 28. Kf2 Kf8 29. Nd5 Bd8 30. Nd6 1-0

[Event "Ivrea op 15th"]
[Site "Ivrea"]
[Date "2011.04.03"]
[Round "4"]
[White "D'Amato, Piergiorgio"]
[Black "Bellafiore, Enzo"]
[Result "1-0"]
[WhiteElo "1849"]
[BlackElo "1807"]
[PlyCount "43"]
[EventDate "2011.04.01"]
[EventType "swiss"]
[EventRounds "5"]
[EventCountry "ITA"]
[SourceTitle "EXT 2024"]
[Source "ChessBase"]
[SourceDate "2023.10.10"]
[SourceVersion "1"]
[SourceVersionDate "2023.10.10"]
[SourceQuality "1"]

1. e4 e6 2. Nc3 d5 3. Nf3 d4 4. Ne2 c5 5. c3 Nc6 6. cxd4 cxd4 7. Qa4 Bc5 8. b4 d3 9. bxc5 dxe2 10. Bxe2 Bd7 11. Qc2 Qa5 12. 0-0 e5 13. Bb2 f6 14. d4 exd4 15. Nxd4 Nge7 16. Nb5 Nc8 17. Bc3 Qd8 18. Rad1 0-0 19. Bc4+ Kh8 20. Be6 a6 21. Rxd7 Qe8 22. Nc7 1-0

[Event "Ivrea op 15th"]
[Site "Ivrea"]
[Date "2011.04.02"]
[Round "2"]
[White "Barosso, Renzo"]
[Black "Bellafiore, Enzo"]
[Result "1/2-1/2"]
[WhiteElo "1889"]
[BlackElo "1807"]
[PlyCount "76"]
[EventDate "2011.04.01"]
[EventType "swiss"]
[EventRounds "5"]
[EventCountry "ITA"]
[SourceTitle "EXT 2024"]
[Source "ChessBase"]
[SourceDate "2023.10.10"]
[SourceVersion "1"]
[SourceVersionDate "2023.10.10"]
[SourceQuality "1"]

1. d4 e6 2. c4 d5 3. Nf3 Nf6 4. Nc3 a6 5. e3 Be7 6. c5 Bd7 7. Bd3 Bc6 8. 0-0 Nbd7 9. b4 Ne4 10. Bb2 Nxc3 11. Bxc3 Nf6 12. Ne5 Bd7 13. a4 c6 14. Qe2 0-0 15. Rfb1 Qc7 16. h3 h6 17. b5 axb5 18. axb5 cxb5 19. Bxb5 Bxb5 20. Qxb5 Rxa1 21. Rxa1 Rb8 22. Ra7 Qc8 23. Ba5 Kf8 24. Qb6 Ne8 25. Qb5 Nf6 26. Bd2 Bd8 27. Ra2 Bc7 28. f4 Bxe5 29. fxe5 Ne4 30. Be1 Qd8 31. Rb2 Qc8 32. Ba5 Ra8 33. Bb4 Kg8 34. Kh2 Qd8 35. Be1 Ra1 36. Rb1 Rxb1 37. Qxb1 Qg5 38. Qb3 Qe7 1/2-1/2

[Event "Ivrea op 15th"]
[Site "Ivrea"]
[Date "2011.04.02"]
[Round "3"]
[White "Bellafiore, Enzo"]
[Black "Castaldo, Antonio"]
[Result "1-0"]
[WhiteElo "1807"]
[BlackElo "1669"]
[PlyCount "75"]
[EventDate "2011.04.01"]
[EventType "swiss"]
[EventRounds "5"]
[EventCountry "ITA"]
[SourceTitle "EXT 2024"]
[Source "ChessBase"]
[SourceDate "2023.10.10"]
[SourceVersion "1"]
[SourceVersionDate "2023.10.10"]
[SourceQuality "1"]

1. d4 Nf6 2. Bf4 g6 3. Nf3 Bg7 4. h3 d6 5. e3 Nc6 6. c3 0-0 7. Bd3 Re8 8. 0-0 e5 9. Bh2 e4 10. d5 exf3 11. dxc6 fxg2 12. Re1 bxc6 13. Qf3 Qd7 14. Qxg2 Nd5 15. Nd2 Qxh3 16. Qxh3 Bxh3 17. Nf3 Nxc3 18. Rec1 Bg4 19. Kg2 Na4 20. Rxc6 Nxb2 21. Be2 Re7 22. Rac1 Bf8 23. R1c2 Na4 24. R2c4 Bxf3+ 25. Bxf3 Nc5 26. R6xc5 dxc5 27. Bxa8 Rd7 28. Bc6 Rd2 29. Bxc7 Rxa2 30. Bd5 a5 31. Rf4 Rd2 32. Bxf7+ Kg7 33. Bxa5 Rd3 34. Bc4 Ra3 35. Bc7 Ra8 36. Rf7+ Kg8 37. Be5 Ra4 38. Rg7+ 1-0

[Event "Ivrea Autumn 21st"]
[Site "Ivrea"]
[Date "2010.12.02"]
[Round "9"]
[White "Bogatto, Mario"]
[Black "Bellafiore, Enzo"]
[Result "0-1"]
[WhiteElo "1455"]
[BlackElo "1830"]
[PlyCount "74"]
[EventDate "2010.10.07"]
[EventType "swiss"]
[EventRounds "9"]
[EventCountry "ITA"]
[SourceTitle "EXT 2024"]
[Source "ChessBase"]
[SourceDate "2023.10.10"]
[SourceVersion "1"]
[SourceVersionDate "2023.10.10"]
[SourceQuality "1"]

1. e4 Nf6 2. e5 Nd5 3. d4 d6 4. Nf3 Bg4 5. h3 Bh5 6. Bd2 dxe5 7. Be2 exd4 8. Nxd4 Bxe2 9. Qxe2 e6 10. c4 Nb4 11. Qe4 Qxd4 12. Qxd4 Nc2+ 13. Kd1 Nxd4 14. g4 Nbc6 15. Bc3 Rd8 16. Nd2 Nf3 17. Rc1 Bc5 18. Ke2 Nxd2 19. Bxd2 Bxf2 20. Rcd1 Bc5 21. Bc3 0-0 22. a3 Bd4 23. Rc1 Bxc3 24. bxc3 Ne5 25. Rhd1 Nxc4 26. Rd4 Rxd4 27. cxd4 b5 28. a4 a6 29. axb5 axb5 30. Rb1 Rb8 31. Kd3 Nd6 32. Re1 b4 33. d5 b3 34. dxe6 fxe6 35. Kc3 b2 36. Rb1 Kf7 37. Rf1+ Ke7 0-1

[Event "Ivrea Autumn 21st"]
[Site "Ivrea"]
[Date "2010.11.18"]
[Round "7"]
[White "Agostino, Pietro"]
[Black "Bellafiore, Enzo"]
[Result "0-1"]
[WhiteElo "1520"]
[BlackElo "1830"]
[PlyCount "56"]
[EventDate "2010.10.07"]
[EventType "swiss"]
[EventRounds "9"]
[EventCountry "ITA"]
[SourceTitle "EXT 2024"]
[Source "ChessBase"]
[SourceDate "2023.10.10"]
[SourceVersion "1"]
[SourceVersionDate "2023.10.10"]
[SourceQuality "1"]

1. e4 Nf6 2. e5 Nd5 3. d4 d6 4. c4 Nb6 5. exd6 exd6 6. Nf3 Bg4 7. Nbd2 Nc6 8. Be2 Be7 9. b3 Bf6 10. Bb2 0-0 11. 0-0 Re8 12. Re1 Qd7 13. Rb1 Bf5 14. Ra1 Nb4 15. Rf1 Qe7 16. c5 dxc5 17. Bb5 c6 18. a3 Nc2 19. Bxc6 bxc6 20. Ra2 Nxd4 21. Bxd4 cxd4 22. Nc4 Nxc4 23. bxc4 c5 24. Re1 Qd7 25. Nd2 Rab8 26. Nf1 h6 27. Ng3 Rxe1+ 28. Qxe1 Rb1 0-1

[Event "Ivrea op 14th"]
[Site "Ivrea"]
[Date "2010.03.21"]
[Round "5"]
[White "Castaldo, Folco"]
[Black "Bellafiore, Enzo"]
[Result "1-0"]
[WhiteElo "2407"]
[BlackElo "1827"]
[PlyCount "65"]
[EventDate "2010.03.19"]
[EventType "swiss"]
[EventRounds "5"]
[EventCountry "ITA"]
[SourceTitle "EXT 2024"]
[Source "ChessBase"]
[SourceDate "2023.10.10"]
[SourceVersion "1"]
[SourceVersionDate "2023.10.10"]
[SourceQuality "1"]

1. e4 Nf6 2. Nc3 d5 3. e5 d4 4. exf6 dxc3 5. fxg7 cxd2+ 6. Qxd2 Qxd2+ 7. Bxd2 Bxg7 8. 0-0-0 Nc6 9. Ne2 Bd7 10. Nf4 0-0-0 11. h4 Rhg8 12. Bd3 e5 13. Ne2 f5 14. Bg5 Rde8 15. Ng3 h6 16. Bd2 e4 17. Bc4 Rgf8 18. Nh5 Bd4 19. Rhf1 e3 20. fxe3 Bxe3 21. Nf4 Bxd2+ 22. Rxd2 Ne5 23. Bd5 Ng4 24. Bxb7+ Kxb7 25. Rxd7 Kc6 26. Rd4 Re4 27. Rd3 Rfe8 28. g3 Re1+ 29. Rxe1 Rxe1+ 30. Kd2 Rg1 31. Ne2 Rg2 32. Rf3 Rf2 33. Rxf2 1-0

[Event "Ivrea Eporediese op 26th"]
[Site "Ivrea"]
[Date "2009.01.22"]
[Round "2"]
[White "Bellafiore, Enzo"]
[Black "Saccona, Silvano"]
[Result "0-1"]
[WhiteElo "1867"]
[BlackElo "2198"]
[PlyCount "80"]
[EventDate "2009.01.15"]
[EventType "swiss"]
[EventRounds "9"]
[EventCountry "ITA"]
[SourceTitle "EXT 2011"]
[Source "ChessBase"]
[SourceDate "2010.11.26"]
[SourceVersion "1"]
[SourceVersionDate "2010.11.26"]
[SourceQuality "1"]

1. d4 d5 2. c4 c6 3. Nc3 dxc4 4. e4 b5 5. Nf3 Bb7 6. Be2 e6 7. a3 Nf6 8. Bg5 Be7 9. 0-0 a6 10. Qc2 0-0 11. Rfd1 Nbd7 12. b3 cxb3 13. Qxb3 Re8 14. Rd2 Qc7 15. Rad1 Rac8 16. Bh4 Qa5 17. e5 Nd5 18. Bxe7 Qxc3 19. Qxc3 Nxc3 20. Bd6 Nxd1 21. Rxd1 c5 22. dxc5 Nxc5 23. Rc1 Ne4 24. Rd1 Nc3 25. Re1 Nxe2+ 26. Rxe2 Rc1+ 27. Ne1 Bd5 28. f4 Rec8 29. Kf2 R8c4 30. g3 Re4 31. Bb4 Rxe2+ 32. Kxe2 Rb1 33. Kf2 Rb2+ 34. Kg1 Be4 35. h4 h5 36. Bc3 Ra2 37. Bb4 a5 38. Bd6 Rd2 39. Kf1 Rb2 40. Kg1 b4 0-1